000 00811nam a2200205 a 4500
003 0
005 20250428112246.0
008 050808s19uu xx 00 eng d
050 _aPHS LB 1060
_b.A74 2005
100 _aArguelles, David Earl D.
245 _aThe Influence of video games on the academic performance of selected high school students /
_cDavid Earl D. Arguelles.
260 _aLas PiƱas City, Philippines :
_bSouthville International School and Colleges,
_c2005.
300 _a30 pages :
_billustrations ;
_c28 cm.
504 _aIncludes bibliographical references.
650 _2Library of Congress Subject Headings
_aHigh school students
_xEffect of video games on.
650 _aVideo games
_xPsychological aspects.
650 _aAcademic achievement.
942 _2lcc
_cPASS
999 _c97185
_d97185